Practical Electronics : (Record no. 195369)
[ view plain ]
| 000 -LEADER | |
|---|---|
| fixed length control field | 00615nam a22001937a 4500 |
| 005 - DATE AND TIME OF LATEST TRANSACTION | |
| control field | 20230324101039.0 |
| 010 ## - LCCN (DPL NO) | |
| LC control number | ENG-136472 |
| 020 ## - INTERNATIONAL STANDARD BOOK NUMBER | |
| International Standard Book Number | 9798369912621 |
| Terms of availability | 1570.00 |
| 035 ## - SYSTEM CONTROL NUMBER | |
| System control number | EN-120006 |
| 037 ## - SOURCE OF ACQUISITION | |
| Source of stock number/acquisition | DBAD/PUB |
| 082 ## - DEWEY DECIMAL CLASSIFICATION NUMBER | |
| Classification number | 621.38 |
| 100 ## - MAIN ENTRY--PERSONAL NAME | |
| Personal name | Veeramanikandasamy,T |
| 245 ## - TITLE STATEMENT | |
| Title | Practical Electronics : |
| Statement of responsibility, etc | By T.Veeramanikandasamy |
| Remainder of title | Embedded System With Pics18 Microcontrollers / |
| 250 ## - EDITION STATEMENT | |
| Edition statement | First |
| 260 ## - PUBLICATION, DISTRIBUTION, ETC. (IMPRINT) | |
| Name of publisher, distributor, etc | Department Of Electronics And Communication Systems |
| Place of publication, distribution, etc | Coimbatore |
| Date of publication, distribution, etc | 2022 |
| 270 ## - ADDRESS | |
| City | Coimbatore |
| Postal code | 641008 |
| 300 ## - PHYSICAL DESCRIPTION | |
| Extent | viii322p. |
| Dimensions | 23cm(pbk) |
| 942 ## - ADDED ENTRY ELEMENTS (KOHA) | |
| Source of classification or shelving scheme | Dewey Decimal Classification |
| Item type | English Books |
| Classification part | 621.38 |
| Call number suffix | VEE |
| Withdrawn status | Lost status | Materials specified (bound volume or other part) | Not for loan | Collection code | Home library | Current library | Date acquired | Source of acquisition | Cost, normal purchase price | Full call number | Barcode | Copy number | Koha item type |
|---|---|---|---|---|---|---|---|---|---|---|---|---|---|
| Vol- 3 | Non-fiction | Shahdara Branch | Shahdara Branch | 23/03/2023 | DBAD/PUB | 1570.00 | 621.38 VEE | EN-120004 | 1 | English Books |
